Responsabilidade Civil na rede Danos e Liberdades ̉luz do Marco Civil da Internet /

Detalles Bibliográficos
Autor principal: Quinelato de Queiroz, Joô
Formato: eBook
Lenguaje:portugués
Publicado: Rio de Janeiro: Editora Processo, 2019
Materias:
Acceso en línea:Acceso restringido

MARC

LEADER 00000nam a22000007a 4500
005 20220817214218.0
007 cr|||| ||||
008 220817s2019 br |||||s|||| 00||0 por d
020 |a 978-85-93741-46-3 
035 |a 36852 
040 |a vLex 
090 |c 13730  |d 13730 
100 1 |a Quinelato de Queiroz, Joô 
245 1 0 |a Responsabilidade Civil na rede  |h [Recurso electrn̤ico] :  |b Danos e Liberdades ̉luz do Marco Civil da Internet /  |c Joô Quinelato de Queiroz 
256 |a Servicio en ln̕ea 
260 |a Rio de Janeiro:  |b Editora Processo,  |c 2019 
300 |a 1 recurso electrn̤ico 
500 |a Assim como ocorreu nas primeiras dčadas do sčulo passado, o momento atual representa, seja para o meio jurd̕ico, seja para a sociedade como um todo, um pero̕do de grande indefiniȯ̂. Sabemos quais sô os problemas a serem enfrentados nos mais diversos setores, inclusive e especialmente no Direito, mas, aparentemente, ainda nô dispomos dos instrumentos necessr̀ios para solucion-̀los. Segundo Bauman, vivemos em um pero̕do semelhante ao que ocorreu em Roma, na lendr̀ia transiȯ̂ do trono em virtude da morte de Rm̥ulo, seu mt̕ico fundador. Nesta obra, Joô Quinelato enfrenta com brilhantismo o desafio de analisar, ̉luz do Marco Civil da Internet, a responsabilidade civil por danos no mundo digital, propondo-se a examinar, em ambiente de diuturna renovaȯ̂, o regime de responsabilidade civil do provedor de aplicaė̳s nas hipt̤eses de circulaȯ̂ de materiais ofensivos nas redes sociais, vale dizer Facebook, Twitter e Instagram, dentre tantos outros. O x̊ito maior de Quinelato consiste em analisar – e desconstruir – a aparente antinomia existente entre a liberdade de expressô e os mecanismos de responsabilidade civil que regulam a internet, partindo do pressuposto de inconstitucionalidade do art. 19 do Marco Civil da Internet. 
506 1 |a Disponible solo en los productos indicados  |d vLex Global  |d vLex Global (Academic Edition, excluding Law Schools)  |d vLex Global (U.S. Academic Edition, Law Schools)  |d vLex Global (U.S. Academic Edition, excluding Law Schools)  |d vLex Global (Academic Edition, Law Schools) 
650 0 4 |a Derecho Civil  |z Brasil 
740 0 |a vLex Libros (Servicio en ln̕ea) 
856 4 0 |u https://app.vlex.com/#/sources/36852  |z Acceso restringido 
942 |c BOOK 
999 0 |a Civil Law